| 000 | 01108cam a22003257a 4500 | ||
|---|---|---|---|
| 003 | CHAP | ||
| 005 | 20220329141409.0 | ||
| 008 | 971013s1978 r 00010 d | ||
| 010 | _a67516 | ||
| 011 | _a68488 | ||
| 035 | _a77960 | ||
| 040 | _cCHAP | ||
| 082 |
_a338.1098 _bF58 |
||
| 100 | 0 | 0 |
_aFitzgerald, E. V. K. _941193 |
| 245 | 0 | _aPublic sector investment planning for developing countries | |
| 260 |
_aLondon : _bMacmillan, _c1978 |
||
| 300 | _a200 p. | ||
| 590 |
_aBATCH-UPD _b10 _c20130110 _lUCH01 _h0405 |
||
| 590 |
_aBATCH-UPD _b10 _c20130110 _lUCH01 _h2238 |
||
| 590 |
_aBATCH-UPD _b10 _c20130410 _lUCH01 _h0038 |
||
| 590 |
_aBATCH-UPD _b10 _c20130410 _lUCH01 _h1533 |
||
| 590 |
_aBATCH-UPD _b10 _c20130914 _lUCH01 _h1415 |
||
| 590 |
_aCONVERSION _b10 _c20130109 _lUCH01 _h1337 |
||
| 650 | 1 | 4 |
_aAgricultura y Estado _xPaises subdesarrollados. _92059 |
| 650 | 1 | 4 |
_aAgricultura _xFinanzas _xPaises subdesarrollados. _91494 |
| 650 | 1 | 4 |
_aPolítica agrícola _xPaíses subdesarrollados. _990347 |
| 901 | _aBK | ||
| 942 | _cLIBRO | ||
| 949 |
_a338.1098 F58 _bBC _cLIBRO _d33724000364386 _eLIBRO _h73503 _i77960 _mD _si |
||
| 999 |
_c67516 _d67516 |
||